[Event "Goldmoney Asian Rapid Prelims 2021"]
[Site "Chess24"]
[Date "2021.06.24"]
[Round "13.7"]
[White "Duda, Jan-Krzysztof"]
[Black "Adhiban, B.."]
[Result "0-1"]
[WhiteElo "2729"]
[BlackElo "2660"]
[Annotator "TA"]
[PlyCount "124"]
[EventDate "2021.06.26"]
[EventType "tourn"]
[EventCountry "NET"]
[Tiebreak "Koya+Number of black wins+Number of wins"]
[SourceTitle "playchess.com"]
[Source "ChessBase"]
[SourceQuality "1"]

{[%evp 13,124,22,51,39,42,8,43,10,27,12,10,18,15,11,15,0,0,0,0,-13,-28,-51,-12,
-13,-16,-8,-12,-26,0,0,0,0,0,0,0,-13,0,-41,-7,-75,-66,-93,-77,-81,-75,-83,-81,
-52,-48,-77,-66,-96,-99,-68,-36,-46,62,-29,31,43,47,89,65,11,0,2,0,18,30,25,31,
26,85,27,49,0,0,-30,0,-24,0,0,0,6,295,40,55,12,4,7,11,0,0,-12,0,0,0,-20,-22,
-79,-25,-53,0,0,0,0,0,-12843,-12843,-29993,-29994,-29994,-29995]} 1. e4 e5 2.
Nf3 Nc6 3. Bb5 a6 4. Ba4 Nf6 5. O-O Bc5 6. c3 b5 7. Bc2 d6 8. a4 {C78: Ruy
Lopez: Archangelsk and Möller Defences.} Bg4 9. d3 O-O 10. b4 {White is
slightly better.} Bb6 11. h3 Bd7 12. Bg5 {[#]} h6 $146 ({Predecessor:} 12...
Qe7 13. Re1 h6 14. Bh4 Rfc8 15. Qd2 Nd8 16. d4 exd4 17. cxd4 Qe6 {1-0 (56)
Bondarev,I (1759)-Soloviov,A (2251) Moscow 2009}) 13. Bh4 g5 14. Nxg5 hxg5 15.
Bxg5 Kg7 16. Qf3 {Hoping for axb5.} Rb8 17. Nd2 Kg6 18. Bh4 Rh8 19. Qg3+ Kh7
20. Qg5 Ng8 21. Qh5+ Kg7 22. Qxh8+ Kxh8 23. Bxd8 Nxd8 24. Nf3 Ne6 25. Rfd1 a5 {
[%mdl 1024] Black has compensation.} 26. d4 (26. Bb3 $11 {keeps the balance.})
26... exd4 $17 27. bxa5 Bxa5 28. cxd4 b4 {...b3 is the strong threat.} 29. Bb3
Nf6 30. Re1 Kg7 31. e5 dxe5 32. dxe5 Nh7 33. Nd2 Nc5 34. Re3 $1 {[%cal Re3g3]}
Bb6 (34... Nf8 $15) 35. a5 (35. Rg3+ $1 $14 Kh8 36. Bxf7) 35... Ba7 (35... Nxb3
$11 36. Rg3+ (36. Rxb3 Bd4 $15 {[%mdl 64] Double Attack}) 36... Kf8 37. Rxb3 (
37. Nxb3 Ba7 $11) 37... Ba7) 36. Rg3+ $14 Kf8 37. Bc2 f5 38. Bxf5 Bxf5 $11 39.
Rf3 Ke7 {And now ...Rd8 would win.} 40. Rxf5 Nf8 41. Rb1 Nfe6 42. Rh5 {With
the idea Rh7+.} Kf7 (42... Kd7 $11) 43. Kh2 ({White should play} 43. Rh7+ $16
Kg8 44. Rh6) 43... Nd3 44. Rf5+ Ke7 45. g4 Rh8 46. Ne4 Ndf4 47. Ng5 Nxg5 48.
Rxf4 Bd4 $2 {[%mdl 8192] [#]} 49. Rxd4 $2 $18 {[%mdl 4096] Endgame KRR-KRN} ({
White has to play} 49. Rf5 $1 $18 {[%cal Rf5g5]} Ne6 50. Rxb4) 49... Nf3+ $14
50. Kg2 Nxd4 51. Rxb4 $11 {KRN-KR} c5 52. Rb7+ (52. Rc4 {is interesting.} Rc8
53. a6 Ke6 54. a7 Kd5 55. Ra4) 52... Ke6 53. a6 Ra8 54. Rc7 Kd5 55. a7 Nb5 56.
Rb7 (56. Rd7+ $11 {remains equal.} Kxe5 57. h4) 56... Nxa7 $17 57. f4 Nc6 (
57... c4 $1 $15 58. Kf3 c3 59. Rd7+ Kc6 60. Rd6+ Kc5) 58. Rd7+ $11 Ke4 59. Rc7
$1 {[%cal Rc7c6]} Nd4 {Strongly threatening ...Ne6.} 60. f5 {[%mdl 8192] [#]} (
60. Rxc5 $11 Kxf4 61. h4) 60... Kf4 $1 $19 {( -> ...Ra2+)} 61. h4 Ra2+ 62. Kf1
Nf3 {Weighted Error Value: White=0.49/Black=0.23} 0-1

[Event "Goldmoney Asian Rapid Prelims 2021"]
[Site "Chess24"]
[Date "2021.06.24"]
[Round "13.8"]
[White "Dubov, Daniil"]
[Black "Artemiev, Vladislav"]
[Result "1/2-1/2"]
[WhiteElo "2714"]
[BlackElo "2704"]
[Annotator "TA"]
[PlyCount "128"]
[EventDate "2021.06.26"]
[EventType "tourn"]
[EventCountry "NET"]
[Tiebreak "Koya+Number of black wins+Number of wins"]
[SourceTitle "playchess.com"]
[Source "ChessBase"]
[SourceQuality "1"]

{[%evp 10,128,34,33,38,29,33,5,4,0,0,0,0,0,14,0,4,0,7,0,0,0,6,-14,-3,-20,-13,
-52,-25,-58,-36,-36,-41,-43,-12,-106,-28,-31,-40,-26,-12,-25,14,-15,-14,-20,19,
11,19,19,16,21,14,18,16,16,22,16,18,21,54,42,78,0,0,-8,-8,-8,76,80,69,39,104,
10,16,14,23,-7,-7,-6,-6,-7,0,-57,-62,-60,-62,-87,-13,-13,-12,-12,-14,-21,-20,
-24,-28,-28,-28,-28,-24,-25,-8,-8,0,-8,0,0,0,0,0,0,0,0,8,-8,-8,-8,-8,-8,-8]} 1.
e4 e5 2. Nf3 Nc6 3. Bb5 Nf6 4. O-O d6 5. Bxc6+ bxc6 6. d4 exd4 {C66: Ruy Lopez:
Steinitz Defence.} 7. Nxd4 c5 8. Ne2 (8. Nc6 $5 {[%cal Rc6d8]} Qd7 9. Na5 $11)
8... Be7 9. Nbc3 O-O 10. Ng3 Re8 {[#]} 11. Bf4 $146 ({Predecessor:} 11. h3 Bb7
12. Re1 Nd7 13. Nf5 Bg5 14. Qg4 Bf6 15. Bh6 g6 16. f4 Kh8 17. Ng3 {0-1 (41)
Marchenko,V (1900)-Galevsky,N Odessa 2010}) 11... Bb7 12. Re1 Nd7 13. Qd2 g6
14. Rad1 Bf6 15. Bh6 Ne5 16. Qe2 a5 17. Nd5 Bh8 18. h3 (18. b3 {feels hotter.}
a4 19. Qd2 Qb8 20. h3 Nd7 21. Qd3) 18... Bxd5 19. Rxd5 Qh4 20. Bc1 a4 21. Rdd1
Nc6 22. Qc4 (22. a3 $11 {keeps the balance.}) 22... Be5 (22... a3 $1 $17 {
[%cal Ra3b2]} 23. bxa3 Bd4) 23. Ne2 Bg7 24. Nf4 Bd4 25. Qe2 Ne7 (25... a3 $5
26. bxa3 Bc3 $11) 26. Qf3 Qf6 27. Qg4 h5 (27... Bxb2 $6 28. Nh5 $16) 28. Nxh5
Bxf2+ 29. Kf1 Qh4 {[#]} 30. Re2 Qxh5 31. Qxh5 gxh5 32. Rxf2 Ng6 33. Rd5 Rxe4
34. Rxh5 Rae8 {[%csl Ge8][%cal Re4e1]} 35. Bd2 Rc4 36. Be1 (36. Ba5 $1 $16)
36... Rd4 $11 37. Rhf5 Rd1 {[%csl Gd1][%cal Re8e1]} 38. Re2 Rb8 {[#]} (38...
Re5 $11 39. Rfxe5 Nxe5) 39. Kf2 $1 $16 d5 ({Much worse is} 39... Rxb2 40. Re8+
Nf8 41. Ke2 $18) 40. b3 a3 (40... Ra1 $14) 41. Rd2 (41. Ba5 $16) 41... Ra1 {
Threatens to win with ...c6.} 42. Rfxd5 c4 43. Rd8+ Rxd8 44. Rxd8+ $11 {
[%mdl 4096] Endgame KRB-KRN} Kh7 45. Ra8 ({But not} 45. bxc4 Rxa2 46. Ke3 Rxc2
$17) 45... Rxa2 46. Kg3 ({White should try} 46. Ke3 $11) 46... Rxc2 $15 47.
Rxa3 Re2 48. Ba5 {[#]} Re3+ (48... c3 $1 $17 {[%cal Rc3c2] And now ...c2 would
win.} 49. Ra1 c2) 49. Kf2 $11 Rd3 50. Bxc7 cxb3 51. Ra6 Rd7 52. Bg3 Rb7 {
Hoping for ...b2.} 53. Ra1 b2 54. Rb1 Rb3 55. Bd6 f5 56. Ke2 {The position is
equal.} Kh6 57. Kd2 Nh4 58. Kc2 Rb5 59. g3 Nf3 60. Rxb2 (60. Ba3 {with more
complications.} Nd4+ 61. Kd2 Rb3 62. Bd6 Nf3+ 63. Kc2) 60... Rxb2+ 61. Kxb2 Ng1
62. g4 fxg4 63. hxg4 Kg5 64. Bc5 Nf3 {Weighted Error Value: White=0.14/Black=0.
14} 1/2-1/2

[Event "Goldmoney Asian Rapid Prelims 2021"]
[Site "Chess24"]
[Date "2021.06.24"]
[Round "14.1"]
[White "Aronian, Levon"]
[Black "Artemiev, Vladislav"]
[Result "1/2-1/2"]
[WhiteElo "2781"]
[BlackElo "2704"]
[Annotator "TA"]
[PlyCount "122"]
[EventDate "2021.06.26"]
[EventType "tourn"]
[EventCountry "NET"]
[Tiebreak "Koya+Number of black wins+Number of wins"]
[SourceTitle "playchess.com"]
[Source "ChessBase"]
[SourceQuality "1"]

{[%evp 15,122,22,32,24,30,17,17,20,24,25,22,0,33,29,28,27,39,33,37,27,39,33,36,
33,37,37,43,36,40,36,38,43,42,31,37,19,39,19,38,31,28,16,23,16,30,22,37,8,19,
19,29,14,18,7,22,19,19,19,19,19,19,19,19,19,19,19,50,50,105,112,140,119,242,
229,219,93,90,93,91,99,85,0,0,0,0,0,0,0,0,0,0,0,0,0,0,0,0,0,0,0,0,0,0,0,0,0,0,
0,0]} 1. d4 d5 2. c4 c6 3. Nf3 Nf6 4. Nc3 e6 5. e3 Nbd7 6. Qc2 Bd6 7. Bd3 e5 (
7... O-O 8. O-O dxc4 9. Bxc4 e5 10. b3 exd4 11. Nxd4 Ne5 12. Be2 Qe7 13. Bb2
Ba3 14. Bxa3 Qxa3 15. Rfd1 Re8 16. Rd2 Qe7 17. Rad1 Ng6 18. Qb1 Qe5 19. Qb2 a5
20. Nf3 Qe7 21. h3 b5 22. Bd3 Bb7 {1/2-1/2 (29) Aronian,L (2773)-Artemiev,V 
(2716) Chess.com INT 2020}) 8. cxd5 cxd5 {And now ...e4 would win.} 9. Nb5 {
D46: Semi-Slav: 5 e3 Nbd7 6 Bd3, Black avoids the Meran.} Bb8 {aiming for ...
e4.} 10. dxe5 Nxe5 11. Nxe5 Bxe5 12. Bd2 O-O 13. O-O Bd7 {was the old line (13.
..a6).} (13... a6 $5 {[%cal Ra6b5]} 14. Bc3 Bxc3 15. Nxc3 Be6 $14) 14. Bc3 Qe7
15. Bxe5 Qxe5 16. Nd4 {[#]} Rac8 $146 ({Predecessor:} 16... Rfc8 17. Qe2 Rc7 {
1/2-1/2 (17) Lelgemann,L (2040)-Schueler,W (2174) GER email 2014}) 17. Qb3 Rc7
18. Rfc1 Rfc8 19. Rxc7 Rxc7 20. h3 h6 21. Qd1 Rc5 22. Rc1 Qc7 23. Rxc5 Qxc5 24.
Qc2 b6 25. a3 Kf8 26. Kf1 g6 27. Ke2 Ke7 28. Kd2 Ne8 29. Qc3 Kd6 30. h4 Nc7 31.
f4 (31. f3 {with more complications.} h5 32. Ne2 Qxc3+ 33. Kxc3 Ne8 34. Nd4)
31... Qxc3+ 32. Kxc3 $11 {[%mdl 4096] Endgame KBN-KBN} Bg4 33. b4 Bd7 34. Be2
Ne8 35. g4 Nf6 36. g5 hxg5 37. hxg5 Ne4+ 38. Kd3 Nf2+ 39. Kc2 Ba4+ 40. Kb2 Ne4
41. Bb5 Bxb5 ({Black should play} 41... Bd1 $1 $14) 42. Nxb5+ $14 {KN-KN} Kd7
43. Nxa7 Nd6 (43... d4 $16 44. exd4 f6) 44. Kc3 $18 Nc4 45. e4 (45. Nb5 $1 $18
{is the precise move to win.}) 45... Nxa3 $16 46. exd5 Kd6 {[#]} 47. Kb3 $1 {
[%cal Rb3a3]} Nb1 {[#]} 48. Nb5+ (48. Kb2 $1 $16 {[%cal Rb2b1]} Nd2 49. Kc3)
48... Kxd5 $11 {The position is equal.} 49. Kc2 Kc6 50. Na7+ Kb7 51. Kxb1 {
Black must now prevent Nb5.} Kxa7 {K3P-K3P} 52. b5 (52. Kc2 {looks sharper.}
Kb7 53. Kd3 Kc6 54. Ke4 Kd6 55. f5) 52... Kb7 53. Kc2 Kc7 54. Kd3 Kd7 55. Ke4
Ke6 56. f5+ Kd6 57. fxg6 fxg6 58. Kd4 Ke6 59. Ke4 Kd6 60. Kd4 Ke6 61. Ke4 Kd6 {
Weighted Error Value: White=0.10/Black=0.10} 1/2-1/2

[Event "Goldmoney Asian Rapid Prelims 2021"]
[Site "Chess24"]
[Date "2021.06.24"]
[Round "14.2"]
[White "Adhiban, B.."]
[Black "Dubov, Daniil"]
[Result "1/2-1/2"]
[WhiteElo "2660"]
[BlackElo "2714"]
[Annotator "TA"]
[PlyCount "185"]
[EventDate "2021.06.26"]
[EventType "tourn"]
[EventCountry "NET"]
[Tiebreak "Koya+Number of black wins+Number of wins"]
[SourceTitle "playchess.com"]
[Source "ChessBase"]
[SourceQuality "1"]

{[%evp 10,184,6,9,18,18,18,13,20,23,16,24,29,10,38,8,7,16,0,0,12,-34,-8,-51,
-24,-15,-11,-33,0,-6,0,-17,0,-14,-13,-12,-25,-61,-45,-58,-7,-20,-27,-37,-39,
-39,-40,-42,-41,-62,-53,-67,-63,-60,0,0,0,0,0,0,0,0,0,0,0,0,0,0,0,0,0,0,0,0,0,
-16,0,0,0,0,0,0,8,8,8,8,8,8,143,135,111,107,163,164,81,82,371,296,282,288,271,
46,46,46,46,14,14,14,14,0,0,0,0,0,0,0,0,0,0,0,0,0,0,0,0,0,0,0,0,0,0,0,0,0,0,0,
0,0,0,0,0,0,0,0,0,0,0,0,0,0,0,0,0,0,0,0,0,0,0,0,0,0,0,0,0,0,0,0,0,0,0,0,0,0,0,
0,0]} 1. Nf3 Nf6 2. b3 g6 3. Bb2 Bg7 4. g3 b6 5. Bg2 Bb7 6. c4 c5 {A15:
English Opening: 1...Nf6.} 7. d4 cxd4 8. Qxd4 d6 9. Nc3 Nbd7 10. O-O Rc8 11.
Rad1 O-O 12. Qe3 a6 {[#]} 13. Nd4 $146 ({Predecessor:} 13. Bh3 Rc7 14. Nd4 Nc5
15. f3 Qb8 16. Rd2 Rd8 17. Rfd1 Ba8 18. Nc2 Bc6 19. Nb4 Rcd7 {1-0 (19) Mira,H 
(2077)-Trippold,D (1842) Feistritz an der Drau 2014}) 13... Bxg2 14. Kxg2 Re8
15. Nd5 (15. Qd2 {feels hotter.} Nc5 16. f3 e6 17. e4 d5 18. e5) 15... Rc5 16.
Nxf6+ Bxf6 (16... Nxf6 {with more complications.} 17. Qd3 e5 18. Nc2 Qa8+ 19.
Kg1 d5) 17. a4 Qa8+ 18. Kg1 Ne5 19. Ba3 Rc7 20. Rd2 h5 21. f4 Ng4 22. Qf3 b5
23. h3 {Qxa8 is the strong threat.} Bxd4+ (23... Nh6 {feels hotter.} 24. cxb5
Bxd4+ 25. Rxd4 axb5 26. g4 Qa7) 24. Rxd4 {[#]} Nf6 ({Black should try} 24...
Qa7 $1 $15 25. e3 e5) 25. Qxa8 Rxa8 26. cxb5 axb5 27. Rc1 Rca7 {[%cal Rb5a4]}
28. Bb2 bxa4 29. Rxa4 Rxa4 30. bxa4 $15 {[%mdl 4096] Endgame KRB-KRN} Ne4 31.
Kg2 f5 ({Weaker is} 31... Rxa4 32. Rc8+ Kh7 33. Rh8#) (31... Nc5 $15) 32. Ra1
$1 $11 Ra5 33. Bd4 Kf7 34. Bb6 Ra6 35. a5 Ke6 36. Rc1 Nf6 37. Rc7 Ra8 38. Rb7
Nd5 39. Kf3 Rc8 40. Bd4 Rc4 41. e3 {And now a6 would win.} Ra4 42. Rb5 Kd7 43.
Rb7+ ({But not} 43. Rxd5 $2 Kc6 $19) 43... Kc6 44. Rb8 Ra3 45. Rg8 e5 46. fxe5
dxe5 47. Rxg6+ Kb5 {[#]} 48. Rd6 $1 e4+ (48... Kc4 $1 $11 49. Rc6+ Kb4) 49. Kf2
$16 Ra2+ 50. Kf1 Nb4 (50... Ne7 $16) 51. Rf6 $18 Kc4 52. Rxf5 Nd5 $2 {[%mdl
8192]} (52... Kd3 $16 {was necessary.}) 53. Re5 Rxa5 54. Rxe4 Kd3 55. Re5 ({
Better is} 55. Re8 $18) 55... Nxe3+ $1 $14 {[%mdl 64] Remove Defender} 56.
Rxe3+ Kxd4 {KR-KR} 57. Kf2 Rf5+ {The position is equal.} 58. Rf3 Ra5 59. g4 {
Black must now prevent Rf4+.} Ke4 {aiming for ...Ra2+.} 60. Kg3 {Strongly
threatening Rf4+.} h4+ $1 61. Kg2 Ra2+ 62. Rf2 Ra3 63. Re2+ Kf4 64. Rf2+ Ke4
65. Kh2 Rb3 (65... Ra1 {is more complex.} 66. Rf8 Ra3 67. Rf6 Ra2+ 68. Kg1 Ra1+
) 66. Rg2 Kf4 67. Rf2+ (67. g5 {is more complex.} Rb8 68. g6 Kf5 69. g7 Rg8 70.
Rg4) 67... Ke4 68. Rf8 Rb2+ 69. Kg1 Rb3 70. Kg2 Rb2+ 71. Rf2 (71. Kf1 {with
more complications.} Ke3 72. Rf5 Rb1+ 73. Kg2 Rb2+ 74. Kf1) 71... Rb3 72. Ra2 (
72. g5 {keeps more tension.} Rg3+ 73. Kh2 Rb3 74. g6 Rb8 75. g7) 72... Rg3+ 73.
Kh2 (73. Kf1 {looks sharper.} Rxh3 74. Kg2 Rg3+ 75. Kh2 Rxg4 76. Kh3) 73... Rb3
74. Ra4+ (74. g5 {is interesting.} Kf5 75. Rg2 Kg6 76. Rg4 Rb2+ 77. Kg1) 74...
Kf3 75. Ra2 Ke4 76. Rg2 (76. g5 {looks sharper.} Kf5 77. Rg2 Kg6 78. Rg4 Rb2+
79. Kg1) 76... Kf4 77. g5 (77. Ra2 {seems wilder.} Kf3 78. g5 Kf4 79. g6 Rb7
80. Kg2) 77... Rb7 78. Rg4+ Kf5 79. Kg2 Rg7 (79... Rb2+ {feels hotter.} 80. Kf3
Rb3+ 81. Kg2 Rb2+) 80. Kf3 Rxg5 81. Rxg5+ (81. Rxh4 {feels hotter.} Kg6 82. Ke4
Rb5 83. Rg4+ Kh5 84. Rg3) 81... Kxg5 $11 {KP-KP} 82. Ke4 $1 Kg6 83. Kf4 Kh5 84.
Kf5 (84. Kf3 {with more complications.} Kg5) 84... Kh6 85. Kg4 Kg6 86. Kxh4 {
KP-K} Kh6 (86... Kf5 {looks sharper.} 87. Kh5 Kf6 88. h4 Kf5 89. Kh6 Kf6) 87.
Kg4 (87. Kg3 {is interesting.} Kh5 88. Kg2 Kg6 89. Kf3 Kf7 90. Ke4) 87... Kg6 (
87... Kh7 {feels hotter.} 88. Kh4 Kg6 89. Kg4 Kf7 90. Kg5 Ke8) 88. h4 Kh6 89.
h5 Kg7 90. Kg5 Kh7 91. h6 Kg8 92. Kg6 $1 Kh8 93. h7 {White really could win
this.  Weighted Error Value: White=0.17/Black=0.21} 1/2-1/2

[Event "Goldmoney Asian Rapid Prelims 2021"]
[Site "Chess24"]
[Date "2021.06.24"]
[Round "14.3"]
[White "Ding, Liren"]
[Black "Duda, Jan-Krzysztof"]
[Result "0-1"]
[WhiteElo "2799"]
[BlackElo "2729"]
[Annotator "TA"]
[PlyCount "106"]
[EventDate "2021.06.26"]
[EventType "tourn"]
[EventCountry "NET"]
[Tiebreak "Koya+Number of black wins+Number of wins"]
[SourceTitle "playchess.com"]
[Source "ChessBase"]
[SourceQuality "1"]

{[%evp 9,106,14,10,0,0,0,0,0,0,0,0,0,0,14,16,28,44,29,33,16,21,20,29,35,35,22,
27,12,55,48,47,-108,-96,-97,-97,-133,-144,-153,-125,-145,-156,-157,-114,-204,
-210,-249,-256,-261,-264,-250,-221,-211,-204,-238,-218,-182,-177,-362,-381,
-423,-415,-397,-393,-388,-331,-456,-444,-413,-402,-398,-397,-379,-366,-366,
-350,-402,-395,-351,-367,-661,-588,-406,-408,-406,-384,-1790,-1877,-1814,-1753,
-1356,-1191,-4950,-4950,-4566,-1931,-1841,-1807,-1523,-546]} 1. c4 c5 2. Nf3
Nc6 3. e3 Nf6 4. d4 cxd4 5. exd4 d5 6. h3 {A30: Symmetrical English: Double
Fianchetto and Hedgehog.} g6 7. c5 Bg7 8. Bb5 {The position is equal.} Qa5+ 9.
Nc3 Ne4 {[#]} 10. a4 $146 ({Predecessor:} 10. Bd2 Nxc3 11. Bxc6+ bxc6 12. Bxc3
Qa6 13. Qe2 O-O 14. Qxa6 Bxa6 15. Kd2 f6 16. Rhe1 {0-1 (58) Wein,U (1993)
-Enigl,K (2022) Bayern 2011}) 10... Nxc3 11. bxc3 O-O {[#] ...Nxd4! is the
strong threat.} 12. O-O Qc7 13. Re1 Bd7 14. Bg5 Rfe8 15. Qd2 b6 16. Bf4 Qd8 17.
Rab1 Na5 18. Be5 Bxb5 19. axb5 Nc4 20. Qf4 (20. Qd3 $14 {keeps the upper hand.}
) 20... f6 $17 21. Bc7 Qd7 22. c6 Qc8 23. Ra1 e5 $36 {[%mdl 2048] Black is in
control.} 24. Bxe5 fxe5 25. dxe5 Qc7 {[%cal Rc4e5]} 26. Re2 (26. Rad1 $17 {
keeps fighting.} Nxe5 27. Nxe5 Bxe5 28. Qf3) 26... Nxe5 $19 ({But not} 26...
Bxe5 27. Qg5 $17) 27. Nd4 Qf7 28. Qg3 Nc4 29. Rae1 Rxe2 30. Rxe2 Bf8 31. Qg4 a5
32. bxa6 Rxa6 33. Nb5 $2 (33. g3) 33... Nd6 34. Nxd6 Ra1+ 35. Kh2 Bxd6+ 36. g3
Ra8 37. h4 h5 38. Qe6 Bc5 39. c7 Qxe6 40. Rxe6 {[%mdl 4096] Endgame KRB-KR} Kf7
41. Rc6 Rc8 42. f4 d4 43. cxd4 Bxd4 44. Kg2 $2 (44. Rd6 Bf6 45. Rxb6 Rxc7 46.
Kh3) 44... b5 45. Kf3 b4 {[#] And now ...b3 would win.} 46. Ke4 Bf6 {Strongly
threatening ...b3.} 47. Rb6 $2 (47. Kd5) 47... Rxc7 {Black is clearly winning.}
48. Rxb4 Rc3 49. Rb7+ Be7 50. f5 Rxg3 51. fxg6+ Rxg6 52. Rb5 Rg4+ 53. Kf3 Rxh4
{Weighted Error Value: White=0.65/Black=0.06} 0-1

[Event "Goldmoney Asian Rapid Prelims 2021"]
[Site "Chess24"]
[Date "2021.06.24"]
[Round "14.5"]
[White "Erigaisi Arjun"]
[Black "Carlsen, Magnus"]
[Result "1/2-1/2"]
[WhiteElo "2567"]
[BlackElo "2847"]
[Annotator "TA"]
[PlyCount "127"]
[EventDate "2021.06.26"]
[EventType "tourn"]
[EventCountry "NET"]
[Tiebreak "Koya+Number of black wins+Number of wins"]
[SourceTitle "playchess.com"]
[Source "ChessBase"]
[SourceQuality "1"]

{[%evp 15,127,32,32,23,21,18,25,14,24,18,28,11,9,3,12,0,0,0,0,0,0,0,0,0,0,0,0,
0,0,-7,-10,-6,0,-12,0,0,0,0,0,0,0,0,0,0,0,0,0,0,0,0,0,0,0,0,0,0,0,0,0,0,0,0,0,
0,0,0,0,0,0,0,0,0,0,0,0,0,0,0,0,0,0,0,0,0,0,0,0,0,0,0,0,0,0,0,0,0,0,0,0,0,0,0,
0,0,0,0,0,0,0,0,0,0,0,0]} 1. d4 d5 2. c4 c6 3. Nf3 Nf6 4. e3 g6 5. Nc3 Bg7 6.
Be2 O-O 7. O-O a6 {7...a6 is the recent fashion.} 8. a4 a5 9. b3 {D94:
Grünfeld: 4 Nf3 Bg7 5 e3.} Bg4 10. Ba3 Re8 11. cxd5 {White has an edge.} Bxf3
12. Bxf3 {aiming for dxc6.} cxd5 13. Qd3 e6 {[#] The position is equal.} 14.
Rac1 $146 ({Predecessor:} 14. Nb5 Bf8 15. Bxf8 Rxf8 16. e4 dxe4 17. Bxe4 Nc6
18. Rac1 Nb4 19. Qf3 Nxe4 20. Qxe4 {1/2-1/2 (41) Mamedyarov,S (2791)-Kamsky,G 
(2676) Sochi 2017}) 14... Nc6 15. Be2 (15. Qb5 {seems wilder.} Qd7 16. Rfd1
Rec8 17. Bc5 h5 18. h3) 15... Bf8 16. Bxf8 Kxf8 17. Qd2 Qb6 18. Nb5 Rec8 19.
Nd6 Rd8 20. Nb5 Rac8 21. f3 Nb4 22. Rxc8 (22. g4 {with more complications.} Rc6
23. Nc3 Kg8 24. Kg2 Rdc8 25. Bb5) 22... Rxc8 23. Rc1 $1 {[%cal Rc1c8]} Rc6 24.
Rc3 (24. Nc3 {feels hotter.} Kg7 25. g3 Qd8 26. Bb5 Rc8 27. h4) 24... Qd8 25.
Na7 Rxc3 26. Qxc3 Kg7 27. Nb5 Ne8 28. g3 Nc6 29. Kf2 Nd6 30. Qc5 Ne8 31. Bd3 h5
32. h4 Nb4 33. Be2 Nc6 34. Bd3 Nb4 35. Be2 b6 36. Qc3 Nd6 37. Qc7 Qxc7 38. Nxc7
$11 {[%mdl 4096] Endgame KBN-KNN} Kf6 39. Nb5 Nf5 40. e4 Ne7 41. Ke3 Nec6 42.
Bd3 Nxd3 43. Kxd3 {KN-KN} Ke7 44. exd5 Nb4+ 45. Kd2 Nxd5 46. Na3 f6 47. Nc4 g5
48. Ne3 Nb4 49. Ke2 gxh4 50. gxh4 Kd6 51. Kd2 Nc6 52. Kd3 Ne7 53. Kc4 Kc6 (
53... Ng6 $5 54. Ng2 $8 Kc7 $11) 54. b4 {[%cal Bb3b4,Bb4b5][%mdl 32]} Ng6 55.
Ng2 f5 56. f4 Ne7 57. Ne3 Nd5 (57... axb4 {is interesting.} 58. Kxb4 Ng6 59.
Ng2 Kd7 60. Kb5 Kc7) 58. b5+ Kd6 59. Nxd5 exd5+ 60. Kd3 Ke6 61. Ke3 Kd6 62. Kd3
Ke6 63. Ke3 Kd6 64. Kd3 {A rather calm draw.  Weighted Error Value: White=0.02/
Black=0.00} 1/2-1/2

[Event "Goldmoney Asian Rapid Prelims 2021"]
[Site "Chess24"]
[Date "2021.06.24"]
[Round "14.6"]
[White "Vidit, Santosh Gujrathi"]
[Black "Salem, A.R. Saleh"]
[Result "1/2-1/2"]
[WhiteElo "2726"]
[BlackElo "2682"]
[Annotator "TA"]
[PlyCount "108"]
[EventDate "2021.06.26"]
[EventType "tourn"]
[EventCountry "NET"]
[Tiebreak "Koya+Number of black wins+Number of wins"]
[SourceTitle "playchess.com"]
[Source "ChessBase"]
[SourceQuality "1"]

{[%evp 21,108,26,21,21,26,22,31,3,0,0,0,0,0,0,14,0,0,0,0,-26,0,-14,-16,-42,-41,
-43,-34,-28,-38,-34,-7,-14,-11,-12,-9,-35,0,0,0,-2,-1,0,-1,0,0,0,0,-17,-16,-32,
-3,-29,-1,-18,0,0,0,-5,0,-12,0,0,0,0,0,0,0,0,0,0,0,0,0,0,0,-8,-8,-12,0,0,0,0,0,
0,0,0,0,0,0]} 1. d4 d5 2. c4 e6 3. Nc3 Nf6 4. cxd5 exd5 5. Bg5 Be7 6. e3 O-O 7.
Bd3 h6 8. Bh4 c6 9. Qc2 Re8 10. Nge2 Nbd7 11. O-O {11.f3 deserves study.} Nh5
12. Bxe7 {D36: Queen's Gambit Declined: Exchange Variation: Main line (5 Bg5
c6 6 Qc2).} Qxe7 13. Rae1 Nf8 14. Nc1 {White is slightly better.} Bd7 15. f3
Rad8 {[#]} 16. Qd2 $146 ({Predecessor:} 16. Qf2 Bc8 17. e4 dxe4 18. fxe4 Ne6
19. Nb3 Nef4 20. Be2 Qg5 21. Kh1 Nxe2 22. Rxe2 {1/2-1/2 (36) Monacell,J (2458)
-Szczepanski,Z (2523) LSS email 2009}) 16... Bc8 17. a3 Ne6 18. b4 b6 19. Nb3
Nf6 20. Kh1 h5 21. Qf2 (21. Ne2 {keeps more tension.} Qd6 22. h3 Nc7 23. Nf4
Ne6 24. Ne2) 21... c5 22. bxc5 bxc5 23. dxc5 Nxc5 24. Nxc5 Qxc5 {[%mdl 64] [#]
Double Attack} 25. Nb5 a6 26. Nd4 Qxa3 27. Qd2 Qd6 28. Ra1 h4 29. Qf2 Re5 30.
Qxh4 Rxe3 31. Bxa6 Bxa6 32. Nf5 Qe6 33. Qg5 {[%csl Gf5][%cal Rg5g7]} g6 {
And now ...Re5 would win.} 34. Nxe3 {Strongly threatening Ng4.} (34. Nd4 {
is interesting.} Qb6 35. Qxe3 Bxf1 36. Rxf1 Ra8 37. Qd2) 34... Bxf1 35. Rxf1
Rc8 36. Qf4 Rc3 37. Re1 {[#]The position is equal.} Rc4 $1 38. Qg3 Rc8 39. Ng4
(39. Qh4 {seems wilder.} Qb6 40. Nf5 Re8 41. Ne7+ Kg7 42. Nf5+) 39... Qb6 40.
Qf2 (40. Nh6+ {feels hotter.} Kg7 41. Nf5+ Kf8 42. Qh4 gxf5 43. Qh6+) 40...
Qxf2 (40... d4 {looks sharper.} 41. h3 Nxg4 42. hxg4 Qd6 43. Rd1 d3) 41. Nxf2
$11 {[%mdl 4096] Endgame KRN-KRN} Rc2 42. Kg1 Kf8 43. Nd3 Rd2 44. Nf2 Rc2 45.
Kf1 d4 46. Rd1 Nd5 {White must now prevent ...Ne3+.} 47. Ng4 Nf4 48. g3 Ne6 49.
h4 Ke7 50. Ne5 Kf6 51. Ng4+ Ke7 52. Ne5 Kf6 53. Ng4+ Kg7 54. Ne5 Kf6 {Weighted
Error Value: White=0.06/Black=0.05} 1/2-1/2